000 00706nam a2200217Ii 4500
003 JO-AjNU
008 230605s9999||||xx |||||||||||||| ||und||
017 _a2013/9/3210
040 _aJO-AjNU
_bara
_erda
_cJO-AjNU
041 _aara
050 1 4 _aPJ7864.A33.N87 2013
100 3 _aالطاهات، محمد عبدالله ,
_eauthor
_957495
245 0 0 _aنصوص قصصية وبوح النساء
250 _aط1
264 3 1 _aعمان: دار البيروني للنشر والتوزيع، 2013
300 _a128ص
336 _atext
_btxt
_2rdacontent
337 _aunmediated
_bn
_2rdamedia
338 _avolume
_bnc
_2rdacarrier
650 4 _aالقصص العربية-علم حديث
_957496
999 _aA25770
_c29338
_d29338